[Event "Manhem IM Swiss"]
[Site "?"]
[Date "1999.06.14"]
[Round "3"]
[White "Tetenkina, Irina"]
[Black "Olsson, Jonas"]
[Result "0-1"]
[WhiteElo "2085"]
[BlackElo "2238"]
[PlyCount "84"]
[EventDate "1999.06.12"]
[EventRounds "9"]

1. e4 c5 2. Nf3 d6 3. Nc3 Nf6 4. d4 cxd4 5. Nxd4 a6 6. a4 Nc6 7. Be2 e5 8. Nf3
h6 9. O-O Be7 10. Re1 Be6 11. Bf1 O-O 12. h3 Rc8 13. Nd5 Bxd5 14. exd5 Nb4 15.
c4 a5 16. Bd2 Na6 17. Qb3 Nc5 18. Qb5 b6 19. Reb1 Nfe4 20. Be1 f5 21. b4 axb4
22. Qxb4 Rb8 23. Qa3 g5 24. Rb5 g4 25. hxg4 fxg4 26. Nd2 Nxd2 27. Bxd2 Bh4 28.
Be1 Ra8 29. Qb2 Qf6 30. Qc2 g3 31. f3 Qf4 32. Qd2 Qf6 33. Qc2 Qg7 34. Rxb6 Bf6
35. Rxd6 e4 36. Rxf6 Qxf6 37. Rd1 Qh4 38. Bxg3 Qxg3 39. fxe4 Qe3+ 40. Kh1 Rf4
41. g3 Rf2 42. Qc1 Qf3+ 0-1

[Event "Manhem IM Swiss"]
[Site "?"]
[Date "1999.06.14"]
[Round "3"]
[White "Koehn, Peter"]
[Black "Bekker-Jensen, David"]
[Result "0-1"]
[WhiteElo "2350"]
[BlackElo "2263"]
[PlyCount "72"]
[EventDate "1999.06.12"]
[EventRounds "9"]

1. e4 c5 2. Nf3 d6 3. d4 Nf6 4. Nc3 cxd4 5. Nxd4 a6 6. f4 Qc7 7. a4 g6 8. Nf3
Nbd7 9. Bd3 Bg7 10. O-O b6 11. Qe1 Bb7 12. Kh1 Nc5 13. f5 d5 14. e5 Nfe4 15. f6
exf6 16. exf6 Bxf6 17. Ng5 Qe7 18. Bxe4 dxe4 19. Rxf6 Qxf6 20. Ngxe4 Qe6 21.
Nf6+ Kd8 22. Qh4 Kc8 23. Bg5 h6 24. Re1 Qf5 25. Bxh6 Rxh6 26. Qxh6 Qxf6 27.
Qh3+ Kb8 28. Qg3+ Ka7 29. h3 Rd8 30. b4 Nd3 31. cxd3 Qxc3 32. a5 Qxb4 33. axb6+
Qxb6 34. Re7 Qf6 35. Qe3+ Ka8 36. Kh2 Rxd3 0-1

[Event "Manhem IM Swiss"]
[Site "?"]
[Date "1999.06.15"]
[Round "4"]
[White "Holmsten, Aleksei"]
[Black "Berg, Emanuel"]
[Result "1/2-1/2"]
[WhiteElo "2373"]
[BlackElo "2364"]
[PlyCount "86"]
[EventDate "1999.06.12"]
[EventRounds "9"]

1. e4 e6 2. d4 d5 3. exd5 exd5 4. Nf3 Bd6 5. Bd3 Bg4 6. O-O Nc6 7. c3 Qd7 8.
Re1+ Nge7 9. Nbd2 O-O-O 10. b4 Ng6 11. Qa4 Kb8 12. b5 Nce7 13. Ne5 Nxe5 14.
dxe5 Bc5 15. Nb3 Bb6 16. Qb4 Bf5 17. Bxf5 Qxf5 18. Be3 Ng6 19. Bxb6 axb6 20.
Nd4 Qg5 21. Re3 Rhe8 22. a4 Qe7 23. Qb3 Qc5 24. e6 Rd6 25. a5 fxe6 26. a6 bxa6
27. Rxa6 e5 28. Nc6+ Kc8 29. Ra8+ Kd7 30. Rxe8 Kxe8 31. Nxe5 Re6 32. Ng4 Kd7
33. Qb1 Rxe3 34. Nxe3 Qxc3 35. Qf5+ Ke8 36. Qe6+ Kf8 37. Qc8+ Kf7 38. Qf5+ Ke8
39. Qc8+ Kf7 40. Qd7+ Kf8 41. Qc8+ Kf7 42. Qd7+ Kf8 43. Qf5+ Ke8 1/2-1/2

[Event "Manhem IM Swiss"]
[Site "?"]
[Date "1999.06.15"]
[Round "4"]
[White "Olausson, Claes-Goeran"]
[Black "Hagesaether, Pal Vegard"]
[Result "1/2-1/2"]
[WhiteElo "2243"]
[BlackElo "2285"]
[PlyCount "79"]
[EventDate "1999.06.12"]
[EventRounds "9"]

1. d4 Nf6 2. c4 Nc6 3. Nf3 e6 4. Nc3 Bb4 5. Qc2 d6 6. g3 O-O 7. a3 Bxc3+ 8.
Qxc3 Ne4 9. Qd3 f5 10. b4 a6 11. Bg2 Qf6 12. O-O Bd7 13. Bb2 Ne7 14. Nd2 d5 15.
Rac1 c6 16. f3 Nxd2 17. Qxd2 g5 18. a4 f4 19. e3 dxc4 20. exf4 gxf4 21. d5 e5
22. Rce1 Ng6 23. Re4 Qd6 24. gxf4 Qxd5 25. Qc1 Nxf4 26. Kh1 Rf5 27. Rg1 Kf7 28.
Bf1 Nd3 29. Bxd3 Qxd3 30. Re3 Qd5 31. Rd1 Qe6 32. Rde1 Qd5 33. Rd1 Qe6 34. Bxe5
Rxe5 35. Rxe5 Qxe5 36. Rxd7+ Kg8 37. Qh6 Qe1+ 38. Kg2 Qe2+ 39. Kg3 Qe1+ 40. Kg2
1/2-1/2

[Event "Manhem IM Swiss"]
[Site "?"]
[Date "1999.06.15"]
[Round "4"]
[White "Westerinen, Heikki"]
[Black "Bekker-Jensen, Simon"]
[Result "1/2-1/2"]
[WhiteElo "2399"]
[BlackElo "2360"]
[PlyCount "32"]
[EventDate "1999.06.12"]
[EventRounds "9"]

1. e4 c5 2. Nf3 d6 3. Bb5+ Nd7 4. c3 Ngf6 5. Qe2 a6 6. Ba4 b5 7. Bc2 e5 8. O-O
Be7 9. d3 O-O 10. Nh4 g6 11. Bh6 Re8 12. Nd2 Bf8 13. Bxf8 Rxf8 14. g3 Bb7 15.
Bb3 d5 16. exd5 Bxd5 1/2-1/2

[Event "Manhem IM Swiss"]
[Site "?"]
[Date "1999.06.15"]
[Round "4"]
[White "Gullaksen, Eirik"]
[Black "Schneider, Stefan"]
[Result "1/2-1/2"]
[WhiteElo "2367"]
[BlackElo "2335"]
[PlyCount "62"]
[EventDate "1999.06.12"]
[EventRounds "9"]

1. e4 c5 2. Nf3 e6 3. d4 cxd4 4. Nxd4 a6 5. Bd3 Nf6 6. O-O Qc7 7. c4 Nc6 8.
Nxc6 dxc6 9. Be3 e5 10. h3 Be6 11. Nc3 Nd7 12. a3 Bc5 13. Bd2 b5 14. cxb5 axb5
15. b4 Bd4 16. a4 bxa4 17. Rxa4 O-O 18. Ne2 Bb6 19. Bc3 Qb7 20. Bc2 Rfd8 21.
Rxa8 Qxa8 22. Qa1 Bc4 23. Qxa8 Rxa8 24. Rd1 Ra2 25. Rd2 Kf8 26. Nc1 Ra3 27. Bb2
Ra7 28. Bd3 Be6 29. Rc2 c5 30. bxc5 Bxc5 31. Bc4 Ke7 1/2-1/2

[Event "Manhem IM Swiss"]
[Site "?"]
[Date "1999.06.15"]
[Round "4"]
[White "Bekker-Jensen, David"]
[Black "Sakalauskas, Vaidas"]
[Result "1-0"]
[WhiteElo "2263"]
[BlackElo "2450"]
[PlyCount "135"]
[EventDate "1999.06.12"]
[EventRounds "9"]

1. d4 Nf6 2. c4 g6 3. g3 Bg7 4. Bg2 d5 5. cxd5 Nxd5 6. e4 Nb6 7. Ne2 O-O 8. O-O
e5 9. d5 c6 10. Nbc3 cxd5 11. exd5 Bf5 12. b3 Nc8 13. a4 Re8 14. Ba3 Nd6 15.
Bxd6 Qxd6 16. Nb5 Qd7 17. d6 Na6 18. Rc1 Rac8 19. Rxc8 Rxc8 20. Nxa7 Rd8 21.
Nb5 Bf8 22. Nec3 Bxd6 23. Qxd6 Qxd6 24. Nxd6 Rxd6 25. Bxb7 Nc5 26. Bd5 Bc2 27.
Re1 Bxb3 28. Bxb3 Nxb3 29. Rxe5 Rc6 30. Re3 Ra6 31. Re8+ Kg7 32. Rc8 Ra5 33.
Rc4 Nd2 34. Rb4 Rc5 35. Nb5 Rc2 36. Nd6 Ra2 37. Rb7 Rxa4 38. Nxf7 Kf6 39. Nh6
g5 40. Rxh7 g4 41. Kg2 Rd4 42. Rg7 Kxg7 43. Nf5+ Kf6 44. Nxd4 Ke5 45. Nc2 Kf5
46. Ne3+ Kg5 47. h3 gxh3+ 48. Kxh3 Nf3 49. Kg2 Ne1+ 50. Kf1 Nf3 51. Ke2 Ng1+
52. Kd2 Nf3+ 53. Kd3 Kf6 54. Ke4 Ng5+ 55. Kf4 Nh3+ 56. Kf3 Ng5+ 57. Kg4 Ne4 58.
f4 Kg6 59. f5+ Kf6 60. Kf4 Nd6 61. g4 Kf7 62. Ke5 Ne8 63. g5 Ng7 64. g6+ Kf8
65. f6 Nh5 66. Nf5 Kg8 67. f7+ Kf8 68. Nd4 1-0

[Event "Manhem IM Swiss"]
[Site "?"]
[Date "1999.06.15"]
[Round "4"]
[White "Sammalvuo, Tapani"]
[Black "Lahlum, Hans-Olav"]
[Result "1-0"]
[WhiteElo "2413"]
[BlackElo "2218"]
[PlyCount "63"]
[EventDate "1999.06.12"]
[EventRounds "9"]

1. e4 e6 2. d3 d5 3. Nd2 Nf6 4. Ngf3 Nc6 5. c3 a5 6. Be2 e5 7. O-O Bc5 8. Qc2
O-O 9. b3 Bg4 10. Re1 dxe4 11. dxe4 Qe7 12. h3 Bh5 13. Nf1 Bg6 14. Bc4 Kh8 15.
Bg5 Nd8 16. Bh4 Rb8 17. a4 Bd6 18. N3h2 Qd7 19. Bxf6 gxf6 20. Ng3 Ne6 21. Be2
Qc6 22. h4 Nd4 23. Qb2 Nxe2+ 24. Qxe2 Qxc3 25. h5 Qxb3 26. Red1 Bc5 27. Rd3 Qb6
28. Rad1 c6 29. Qf3 Kg7 30. h6+ Kxh6 31. Qxf6 Bxf2+ 32. Kh1 1-0

[Event "Manhem IM Swiss"]
[Site "?"]
[Date "1999.06.15"]
[Round "4"]
[White "Olsson, Jonas"]
[Black "Ziegler, Ari"]
[Result "0-1"]
[WhiteElo "2238"]
[BlackElo "2402"]
[PlyCount "82"]
[EventDate "1999.06.12"]
[EventRounds "9"]

1. e4 g6 2. d4 Bg7 3. Nc3 d6 4. Be3 a6 5. Qd2 Nd7 6. a4 b6 7. Bc4 e6 8. Nge2
Bb7 9. f3 Ngf6 10. b4 d5 11. exd5 exd5 12. Bb3 O-O 13. O-O Re8 14. b5 Nf8 15.
Nf4 Ne6 16. Nxe6 fxe6 17. Ne2 Qd7 18. Qd3 c6 19. bxc6 Bxc6 20. Bf4 b5 21. a5 b4
22. Qd2 Bb5 23. Rfe1 Nh5 24. Be5 Bxe5 25. dxe5 Bxe2 26. Rxe2 Qa7+ 27. Kh1 Qc5
28. g4 Ng7 29. Re3 Rab8 30. Rd3 Rec8 31. h4 Rf8 32. h5 gxh5 33. gxh5 Rf5 34. h6
Rh5+ 35. Kg2 Qe7 36. Rg1 Rg5+ 37. Kf1 Rxg1+ 38. Kxg1 Nf5 39. Qf4 Kh8 40. Bxd5
Rg8+ 41. Kf1 Qa7 0-1

[Event "Manhem IM Swiss"]
[Site "?"]
[Date "1999.06.15"]
[Round "4"]
[White "Polej, Vladimir"]
[Black "Leer-Salvesen, Bjarte"]
[Result "1/2-1/2"]
[WhiteElo "2386"]
[BlackElo "2255"]
[PlyCount "93"]
[EventDate "1999.06.12"]
[EventRounds "9"]

1. Nf3 d5 2. g3 c6 3. Bg2 Bg4 4. Ne5 Bh5 5. d4 Nd7 6. Nd3 e6 7. O-O Bd6 8. Nd2
Qb6 9. b3 Ngf6 10. Bb2 c5 11. dxc5 Nxc5 12. Bd4 Qc7 13. Bxc5 Bxc5 14. c4 Be7
15. cxd5 exd5 16. Nf4 Rd8 17. Rc1 Qb6 18. Nxh5 Nxh5 19. e4 dxe4 20. Qxh5 Rxd2
21. Rc8+ Rd8 22. Rxd8+ Qxd8 23. Bxe4 g6 24. Qf3 O-O 25. Rd1 Qc7 26. Bxb7 Kg7
27. Bd5 Bf6 28. Bc4 Rd8 29. Rxd8 Qxd8 30. b4 Qe7 31. Qd5 Bc3 32. a3 Qf6 33. Kg2
Bd4 34. f4 h5 35. Qd7 Be3 36. a4 h4 37. a5 hxg3 38. hxg3 g5 39. f5 g4 40. Be2
Qb2 41. Qd3 Qc1 42. Bxg4 Qd2+ 43. Be2 Qxd3 44. Bxd3 Bd2 45. b5 Bxa5 46. Kf3 f6
47. g4 1/2-1/2

[Event "Manhem IM Swiss"]
[Site "?"]
[Date "1999.06.15"]
[Round "4"]
[White "Moberg, Karl Johan"]
[Black "Christensen, Tobias"]
[Result "1-0"]
[WhiteElo "2337"]
[BlackElo "2370"]
[PlyCount "107"]
[EventDate "1999.06.12"]
[EventRounds "9"]

1. e4 g6 2. d4 Bg7 3. Nc3 c6 4. Be3 Qb6 5. Rb1 Nf6 6. f3 d6 7. Qd2 Nbd7 8. Bc4
Qc7 9. a4 d5 10. Bb3 dxe4 11. fxe4 e5 12. Nf3 O-O 13. O-O Ng4 14. d5 Nxe3 15.
Qxe3 Qb6 16. Qxb6 axb6 17. Nd2 Nc5 18. Nc4 Ra6 19. Nd6 Nxb3 20. cxb3 f6 21.
Nxc8 Rxc8 22. Rbd1 Ra7 23. dxc6 bxc6 24. Rd6 Kf7 25. b4 Rac7 26. b5 cxb5 27.
axb5 Rb7 28. Nd5 Rc5 29. Nxf6 Bxf6 30. Rfxf6+ Kg7 31. Rxb6 Rxb5 32. Rxb7+ Rxb7
33. Re6 Rb5 34. Re7+ Kf6 35. Rxh7 Rxb2 36. h3 Kg5 37. Re7 Kf4 38. Re6 g5 39.
Rg6 Re2 40. Kh2 Rxe4 41. Rf6+ Ke3 42. Kg3 Rf4 43. Rg6 Rf5 44. Kg4 Rf4+ 45. Kxg5
e4 46. g4 Rf3 47. h4 Rg3 48. h5 Kf3 49. Rf6+ Kg2 50. Re6 e3 51. h6 Kh3 52. Re4
Kg2 53. h7 Rh3 54. Rxe3 1-0

[Event "Manhem IM Swiss"]
[Site "?"]
[Date "1999.06.15"]
[Round "4"]
[White "Akesson, Joel"]
[Black "Evertsson, Kristian"]
[Result "1/2-1/2"]
[WhiteElo "2223"]
[BlackElo "2080"]
[PlyCount "101"]
[EventDate "1999.06.12"]
[EventRounds "9"]

1. d4 Nf6 2. Nf3 c5 3. d5 e6 4. Nc3 b5 5. dxe6 fxe6 6. Nxb5 d5 7. e3 Nc6 8. c4
a6 9. cxd5 exd5 10. Nc3 Be7 11. Be2 O-O 12. O-O Kh8 13. b3 Bf5 14. Ba3 Bd6 15.
Na4 Ne4 16. Rc1 Qf6 17. Bxc5 Bxc5 18. Nxc5 Nc3 19. Qd2 Nxe2+ 20. Qxe2 Bg4 21.
h3 Bxh3 22. gxh3 Qxf3 23. Qxf3 Rxf3 24. Kg2 Ne5 25. Nd7 Rf5 26. Nxe5 Rxe5 27.
Rfd1 Rg5+ 28. Kh2 Rf5 29. Rd2 h6 30. Rc5 Raf8 31. f4 Re8 32. Rcxd5 Rxd5 33.
Rxd5 Rxe3 34. Ra5 Rf3 35. Rxa6 Rxf4 36. Kg3 Rd4 37. Ra4 Rd3+ 38. Kg4 Kh7 39.
Ra5 Kg6 40. Ra6+ Kf7 41. Ra4 Kf6 42. Ra6+ Ke5 43. Ra5+ Kf6 44. Rf5+ Kg6 45. Ra5
h5+ 46. Kh4 Rd4+ 47. Kg3 Rd3+ 48. Kg2 Rd2+ 49. Kg1 Rd1+ 50. Kf2 Rd2+ 51. Kf3
1/2-1/2

[Event "Manhem IM Swiss"]
[Site "?"]
[Date "1999.06.15"]
[Round "4"]
[White "Wesslen, Ulf"]
[Black "Tetenkina, Irina"]
[Result "0-1"]
[WhiteElo "2118"]
[BlackElo "2085"]
[PlyCount "106"]
[EventDate "1999.06.12"]
[EventRounds "9"]

1. b4 c6 2. c4 Qb6 3. a3 Qd4 4. Qc2 Nf6 5. Bb2 Qb6 6. Nf3 d6 7. e3 Bg4 8. Be2
Nbd7 9. d4 d5 10. Nbd2 e6 11. O-O Be7 12. Bd3 O-O 13. Ne5 g6 14. Rae1 Bf5 15.
Nxd7 Nxd7 16. e4 dxe4 17. Bxe4 Bf6 18. Re3 a5 19. Rb3 Qc7 20. Bxf5 exf5 21. c5
a4 22. Rd3 Rfd8 23. Nc4 Bg7 24. Rfd1 Nf6 25. Nb6 Ra6 26. Nxa4 Nd5 27. Nc3 Nf4
28. Re3 h5 29. Ne2 Nd5 30. Red3 Raa8 31. Qb3 Qe7 32. Nc3 Nf4 33. Re3 Qg5 34.
Rg3 Qf6 35. Qc4 Rxd4 36. Qf1 Rxd1 37. Nxd1 Qe6 38. Re3 Qd5 39. Nc3 Qd2 40. Qa1
Rd8 41. h3 Bd4 42. Nd1 Bxe3 43. Nxe3 Nd3 44. Bf6 Qxf2+ 45. Kh2 Re8 46. Bh8 Qf4+
47. g3 Qh6 48. Qd4 Qxh8 49. Qxd3 h4 50. Nc4 hxg3+ 51. Kxg3 Qh5 52. Qd4 Qe2 53.
a4 g5 0-1

[Event "Manhem IM Swiss"]
[Site "?"]
[Date "1999.06.16"]
[Round "5"]
[White "Olausson, Claes-Goeran"]
[Black "Holmsten, Aleksei"]
[Result "1/2-1/2"]
[WhiteElo "2243"]
[BlackElo "2373"]
[PlyCount "101"]
[EventDate "1999.06.12"]
[EventRounds "9"]

1. Nf3 Nf6 2. c4 g6 3. Nc3 Bg7 4. e4 c5 5. d4 cxd4 6. Nxd4 Nc6 7. Be3 Ng4 8.
Qxg4 Nxd4 9. Qd1 Ne6 10. Rc1 Qa5 11. Qd2 b6 12. b3 Bb7 13. Nd5 Qxd2+ 14. Kxd2
Rc8 15. Be2 Nd4 16. Bd3 f5 17. f3 e6 18. Nc3 O-O 19. Rhd1 Rce8 20. Bb1 Bc6 21.
Ke1 e5 22. b4 h5 23. Ne2 Rf7 24. Nc3 Kh7 25. Ne2 fxe4 26. Bxe4 Bxe4 27. fxe4
Ref8 28. Rc3 Rf1+ 29. Kd2 Rxd1+ 30. Kxd1 Rf1+ 31. Kd2 Rb1 32. Bxd4 exd4 33. Rb3
Rh1 34. h3 Bh6+ 35. Kc2 Re1 36. Nxd4 Rxe4 37. Rd3 Bg7 38. Nb5 a6 39. Nd6 Re2+
40. Rd2 Rxd2+ 41. Kxd2 Bf8 42. Ne8 Bxb4+ 43. Kd3 Kh6 44. Nf6 d6 45. Ne4 Kg7 46.
Kd4 Kf7 47. Kd5 Ke7 48. a4 a5 49. g4 Ba3 50. Ng5 Kf6 51. Ne4+ 1/2-1/2

[Event "Manhem IM Swiss"]
[Site "?"]
[Date "1999.06.16"]
[Round "5"]
[White "Moberg, Karl Johan"]
[Black "Grabliauskas, Virginijus"]
[Result "0-1"]
[WhiteElo "2337"]
[BlackElo "2455"]
[PlyCount "96"]
[EventDate "1999.06.12"]
[EventRounds "9"]

1. e4 c5 2. Nf3 e6 3. d4 cxd4 4. Nxd4 a6 5. Bd3 Nf6 6. O-O Qc7 7. Qe2 d6 8. c4
g6 9. Nc3 Bg7 10. Rd1 O-O 11. Nf3 Nc6 12. h3 Nd7 13. Bf4 Nde5 14. Rac1 Bd7 15.
b3 Rfc8 16. Bb1 Be8 17. Ne1 Qb8 18. Bg3 Na7 19. f4 Nec6 20. Nf3 b5 21. c5 b4
22. cxd6 Bxc3 23. d7 Bxd7 24. Rxd7 Nd4 25. Qd1 Nxf3+ 26. gxf3 Nb5 27. Kg2 Qb6
28. Bf2 Qa5 29. f5 Re8 30. Qd3 Na3 31. Rd1 exf5 32. exf5 Nxb1 33. Rd5 Qxa2 34.
Qxb1 Qxb1 35. Rxb1 Re2 36. Rbd1 Rb2 37. Kg3 Rxb3 38. Be3 Kg7 39. Bg5 Re8 40.
Kg4 h6 41. Bd8 Rb2 42. h4 h5+ 43. Kf4 Rg2 44. fxg6 Kxg6 45. Rf5 Re6 46. Rfd5 f6
47. Bc7 Ree2 48. Rd6 Be5# 0-1

[Event "Manhem IM Swiss"]
[Site "?"]
[Date "1999.06.16"]
[Round "5"]
[White "Ziegler, Ari"]
[Black "Gullaksen, Eirik"]
[Result "1-0"]
[WhiteElo "2402"]
[BlackElo "2367"]
[PlyCount "103"]
[EventDate "1999.06.12"]
[EventRounds "9"]

1. c4 Nf6 2. Nc3 g6 3. g3 Bg7 4. Bg2 d6 5. d3 O-O 6. Rb1 e5 7. Bg5 h6 8. Bxf6
Bxf6 9. Nf3 Nc6 10. O-O Be6 11. b4 a6 12. a4 Qd7 13. b5 axb5 14. axb5 Ne7 15.
Nd2 Rab8 16. Nd5 Bxd5 17. cxd5 Nc8 18. Nc4 Nb6 19. Nxb6 cxb6 20. Qd2 Rfc8 21.
Qxh6 Rc5 22. h4 Bg7 23. Qg5 Qd8 24. Qd2 Rbc8 25. Rb4 f5 26. Bh3 e4 27. dxe4 Bc3
28. Qh6 Bxb4 29. Qxg6+ Kf8 30. Bxf5 R8c7 31. Qh6+ Rg7 32. e5 Bc3 33. f4 Qe7 34.
Be6 Ke8 35. Qh5+ Rf7 36. exd6 Qxe6 37. dxe6 Rxh5 38. exf7+ Kxf7 39. e4 Rxb5 40.
e5 Rd5 41. Kg2 b5 42. Kf3 b4 43. Ke4 Rd4+ 44. Kf5 Rd5 45. h5 b3 46. h6 b2 47.
Rb1 Ra5 48. h7 Ra8 49. g4 Kg7 50. Ke6 Kxh7 51. Kf7 Ra1 52. d7 1-0

[Event "Manhem IM Swiss"]
[Site "?"]
[Date "1999.06.15"]
[Round "5"]
[White "Berg, Emanuel"]
[Black "Hagesaether, Pal Vegard"]
[Result "1-0"]
[WhiteElo "2364"]
[BlackElo "2285"]
[PlyCount "57"]
[EventDate "1999.06.12"]
[EventRounds "9"]

1. e4 d6 2. d4 Nf6 3. Nc3 g6 4. f3 c6 5. Be3 b5 6. Qd2 Nbd7 7. h4 h5 8. Nh3 Bg7
9. Ng5 a5 10. e5 dxe5 11. dxe5 b4 12. Na4 Nd5 13. e6 Ne5 14. Bd4 O-O 15. exf7+
Nxf7 16. Bxg7 Kxg7 17. Nxf7 Rxf7 18. O-O-O Qd6 19. Bc4 e6 20. Rhe1 Qf4 21. Re4
Qxd2+ 22. Rxd2 Rf6 23. Nc5 Ra7 24. Bb3 Rc7 25. Re5 Kf7 26. Ne4 Rf4 27. g3 Rf5
28. Nd6+ Kf6 29. Rxf5+ 1-0

[Event "Manhem IM Swiss"]
[Site "?"]
[Date "1999.06.16"]
[Round "5"]
[White "Schneider, Stefan"]
[Black "Westerinen, Heikki"]
[Result "1/2-1/2"]
[WhiteElo "2335"]
[BlackElo "2399"]
[PlyCount "81"]
[EventDate "1999.06.12"]
[EventRounds "9"]

1. d4 e6 2. c4 Bb4+ 3. Bd2 Bxd2+ 4. Qxd2 d6 5. Nf3 Nf6 6. Nc3 O-O 7. e4 Nc6 8.
d5 Ne7 9. dxe6 Bxe6 10. Be2 Nc6 11. O-O Ne5 12. b3 Nxf3+ 13. Bxf3 Rb8 14. Rad1
Qe7 15. Rfe1 Rfd8 16. Be2 Bd7 17. Bf1 a6 18. Nd5 Nxd5 19. cxd5 c6 20. dxc6 Bxc6
21. Bc4 Rd7 22. Re3 Rbd8 23. Qe2 h6 24. Qh5 Qg5 25. Qxg5 hxg5 26. f3 d5 27.
exd5 Bxd5 28. Bxd5 Rxd5 29. Rxd5 Rxd5 30. Re8+ Kh7 31. Re7 f6 32. Rxb7 Rd1+ 33.
Kf2 Rd2+ 34. Kg3 Rxa2 35. b4 Kg6 36. b5 axb5 37. Rxb5 f5 38. Rb6+ Kh5 39. h3
Ra8 40. Kh2 f4 41. Rb7 1/2-1/2

[Event "Manhem IM Swiss"]
[Site "?"]
[Date "1999.06.16"]
[Round "5"]
[White "Evertsson, Kristian"]
[Black "Lahlum, Hans-Olav"]
[Result "1-0"]
[WhiteElo "2080"]
[BlackElo "2218"]
[PlyCount "67"]
[EventDate "1999.06.12"]
[EventRounds "9"]

1. e4 e6 2. d4 d5 3. Nc3 Bb4 4. e5 c5 5. a3 Bxc3+ 6. bxc3 Qc7 7. Nf3 Ne7 8. a4
b6 9. Bb5+ Bd7 10. Bd3 Nbc6 11. O-O c4 12. Be2 O-O-O 13. Ng5 Rdf8 14. f4 f6 15.
Nh3 Nf5 16. Bg4 g6 17. Qe1 Qd8 18. Ba3 Rfg8 19. a5 Nxa5 20. Bxf5 gxf5 21. exf6
Qxf6 22. Bd6 Nc6 23. Qb1 Qg7 24. Ng5 Be8 25. Qe1 Qd7 26. Be5 Nxe5 27. Qxe5 h6
28. Nxe6 Bf7 29. Nc5 bxc5 30. Rfb1 Qc7 31. Qxc7+ Kxc7 32. Rxa7+ Kc6 33. Rab7
cxd4 34. cxd4 1-0

[Event "Manhem IM Swiss"]
[Site "?"]
[Date "1999.06.16"]
[Round "5"]
[White "Tetenkina, Irina"]
[Black "Akesson, Joel"]
[Result "0-1"]
[WhiteElo "2085"]
[BlackElo "2223"]
[PlyCount "82"]
[EventDate "1999.06.12"]
[EventRounds "9"]

1. c4 c6 2. Nf3 d5 3. b3 Bg4 4. Ne5 Bh5 5. Bb2 f6 6. g4 Bg6 7. Nxg6 hxg6 8. Qc2
Kf7 9. h4 e6 10. h5 gxh5 11. Rxh5 Rxh5 12. gxh5 f5 13. e3 Qg5 14. Nc3 Nf6 15.
O-O-O Qxh5 16. cxd5 exd5 17. Bd3 g6 18. Ne2 Bd6 19. Nd4 Nbd7 20. Nxc6 Rc8 21.
Ne5+ Nxe5 22. Qxc8 Nxd3+ 23. Kc2 Nb4+ 24. Kc1 Nxa2+ 25. Kc2 Nb4+ 26. Kc1 Nd3+
27. Kc2 Nxb2 28. Qxb7+ Be7 29. Ra1 Qe2 30. Rxa7 Qd1+ 31. Kxb2 Qxd2+ 32. Kb1
Qe1+ 33. Kc2 Qxf2+ 34. Kd3 Qf1+ 35. Kc2 Qe2+ 36. Kb1 Qd1+ 37. Kb2 Qd2+ 38. Kb1
Qxe3 39. b4 f4 40. b5 f3 41. Ra2 Qe1+ 0-1

[Event "Manhem IM Swiss"]
[Site "?"]
[Date "1999.06.16"]
[Round "5"]
[White "Sakalauskas, Vaidas"]
[Black "Leer-Salvesen, Bjarte"]
[Result "1-0"]
[WhiteElo "2450"]
[BlackElo "2255"]
[PlyCount "41"]
[EventDate "1999.06.12"]
[EventRounds "9"]

1. d4 e6 2. c4 d5 3. Nc3 c6 4. e3 Nf6 5. Nf3 Nbd7 6. Bd3 Bd6 7. e4 dxe4 8. Nxe4
Nxe4 9. Bxe4 O-O 10. O-O h6 11. Bc2 e5 12. b3 exd4 13. Qxd4 Bc5 14. Qc3 Re8 15.
Bb2 f6 16. Rad1 Qc7 17. Rfe1 Rxe1+ 18. Rxe1 Nf8 19. b4 Be7 20. c5 Bd8 21. Bb3+
1-0

[Event "Manhem IM Swiss"]
[Site "?"]
[Date "1999.06.16"]
[Round "5"]
[White "Bekker-Jensen, Simon"]
[Black "Sammalvuo, Tapani"]
[Result "1-0"]
[WhiteElo "2360"]
[BlackElo "2413"]
[PlyCount "53"]
[EventDate "1999.06.12"]
[EventRounds "9"]

1. d4 Nf6 2. c4 e6 3. Nc3 Bb4 4. e3 c5 5. Nge2 cxd4 6. exd4 d5 7. a3 Be7 8. Nf4
Nc6 9. cxd5 Nxd5 10. Ncxd5 exd5 11. Bd3 Bf6 12. O-O O-O 13. Be3 g6 14. Rc1 Qd6
15. Rc5 Bxd4 16. Rxd5 Qf6 17. Bxd4 Nxd4 18. Bxg6 Ne6 19. Rf5 Qg7 20. Bh5 Qxb2
21. Nd5 Nd4 22. Rf4 Ne6 23. Nf6+ Kg7 24. Qg4+ Kh6 25. h4 Qd2 26. Qf5 Rh8 27.
Ng4+ 1-0

[Event "Manhem IM Swiss"]
[Site "?"]
[Date "1999.06.16"]
[Round "5"]
[White "Svensson, Bengt"]
[Black "Bekker-Jensen, David"]
[Result "1/2-1/2"]
[WhiteElo "2376"]
[BlackElo "2263"]
[PlyCount "40"]
[EventDate "1999.06.12"]
[EventRounds "9"]

1. e4 c5 2. Nf3 d6 3. d4 Nf6 4. Nc3 cxd4 5. Nxd4 a6 6. f4 Qc7 7. Bd3 g6 8. Nf3
Nbd7 9. O-O Bg7 10. Qe1 b5 11. e5 dxe5 12. fxe5 Ng4 13. e6 fxe6 14. Qh4 Nde5
15. Nxe5 Nxe5 16. Be4 Bb7 17. Bxb7 Qxb7 18. Bh6 Bxh6 19. Qxh6 Qb6+ 20. Kh1
O-O-O 1/2-1/2

[Event "Manhem IM Swiss"]
[Site "?"]
[Date "1999.06.16"]
[Round "5"]
[White "Koehn, Peter"]
[Black "Olsson, Jonas"]
[Result "1-0"]
[WhiteElo "2350"]
[BlackElo "2238"]
[PlyCount "61"]
[EventDate "1999.06.12"]
[EventRounds "9"]

1. e4 c5 2. Nf3 d6 3. d4 cxd4 4. Nxd4 Nf6 5. Nc3 a6 6. a4 Nc6 7. Be2 e5 8. Nb3
Be7 9. O-O O-O 10. Kh1 Be6 11. f4 exf4 12. Bxf4 d5 13. exd5 Nxd5 14. Nxd5 Qxd5
15. Bf3 Qxd1 16. Rfxd1 Rac8 17. Bd6 Bxd6 18. Rxd6 Ne5 19. Bxb7 Rxc2 20. Nd4
Rxb2 21. Nxe6 fxe6 22. Bxa6 Rff2 23. Bf1 Ng6 24. a5 Ra2 25. Rdd1 Ne5 26. a6
Rfd2 27. Rdc1 Rdc2 28. Kg1 Kf8 29. Rxa2 Rxa2 30. Rc7 Ke8 31. a7 1-0

[Event "Manhem IM Swiss"]
[Site "?"]
[Date "1999.06.17"]
[Round "6"]
[White "Bekker-Jensen, David"]
[Black "Bekker-Jensen, Simon"]
[Result "1/2-1/2"]
[WhiteElo "2263"]
[BlackElo "2360"]
[PlyCount "42"]
[EventDate "1999.06.12"]
[EventRounds "9"]

1. d4 Nc6 2. Nf3 d5 3. Bf4 Nf6 4. e3 Bg4 5. Bb5 e6 6. Nbd2 Bd6 7. Bxc6+ bxc6 8.
Bxd6 cxd6 9. c4 Ne4 10. cxd5 Nxd2 11. Qxd2 Bxf3 12. gxf3 cxd5 13. O-O O-O 14.
Kh1 e5 15. dxe5 dxe5 16. Rad1 d4 17. exd4 Qd5 18. dxe5 Qxf3+ 19. Kg1 Qg4+ 20.
Kh1 Qf3+ 21. Kg1 Qg4+ 1/2-1/2

[Event "Manhem IM Swiss"]
[Site "?"]
[Date "1999.06.17"]
[Round "6"]
[White "Sammalvuo, Tapani"]
[Black "Koehn, Peter"]
[Result "0-1"]
[WhiteElo "2413"]
[BlackElo "2350"]
[PlyCount "56"]
[EventDate "1999.06.12"]
[EventRounds "9"]

1. Nf3 d5 2. d4 Nf6 3. c4 e6 4. Bg5 Be7 5. e3 h6 6. Bh4 O-O 7. Nc3 b6 8. Bd3
Bb7 9. O-O Nbd7 10. Qe2 c5 11. Rfd1 cxd4 12. exd4 dxc4 13. Bxc4 Ne4 14. Nxe4
Bxh4 15. Nd6 Bxf3 16. Qxf3 Qc7 17. d5 Ne5 18. Qe4 Bxf2+ 19. Kxf2 Qxd6 20. Bb3
f5 21. Qe2 Ng4+ 22. Ke1 Qxh2 23. dxe6 Kh8 24. Bd5 Rac8 25. Rd2 Rfd8 26. Qf3
Qg1+ 27. Qf1 Qxf1+ 28. Kxf1 Rxd5 0-1

[Event "Manhem IM Swiss"]
[Site "?"]
[Date "1999.06.17"]
[Round "6"]
[White "Berg, Emanuel"]
[Black "Ziegler, Ari"]
[Result "1-0"]
[WhiteElo "2364"]
[BlackElo "2402"]
[PlyCount "69"]
[EventDate "1999.06.12"]
[EventRounds "9"]

1. e4 g6 2. d4 Bg7 3. Nc3 d6 4. Be3 a6 5. Qd2 Nd7 6. h4 h5 7. Nh3 b5 8. Ng5 Bb7
9. O-O-O Nh6 10. f3 c6 11. Ne2 e5 12. dxe5 dxe5 13. g3 Qe7 14. Bh3 f5 15. Qd6
Qxd6 16. Rxd6 Nf8 17. Rhd1 Rg8 18. Bb6 Nf7 19. Nxf7 Kxf7 20. exf5 gxf5 21. Bxf5
Bf6 22. Rd7+ Nxd7 23. Rxd7+ Be7 24. Bc5 Kf6 25. Rxe7 Kxf5 26. Rxb7 e4 27. fxe4+
Kxe4 28. Rf7 Rae8 29. b4 Rg4 30. Nf4 Rh8 31. Re7+ Kf5 32. Bd4 Rd8 33. Re5+ Kf6
34. Rd5+ Ke7 35. Bf6+ 1-0

[Event "Manhem IM Swiss"]
[Site "?"]
[Date "1999.06.17"]
[Round "6"]
[White "Grabliauskas, Virginijus"]
[Black "Olausson, Claes-Goeran"]
[Result "1-0"]
[WhiteElo "2455"]
[BlackElo "2243"]
[PlyCount "57"]
[EventDate "1999.06.12"]
[EventRounds "9"]

1. d4 Nf6 2. Nf3 d5 3. c4 c6 4. e3 a6 5. Nbd2 Bf5 6. Be2 e6 7. Nh4 Be4 8. O-O
Bd6 9. c5 Bc7 10. Qb3 Ra7 11. Qc3 Nbd7 12. b4 Ng4 13. Bxg4 Qxh4 14. h3 Nf6 15.
Nxe4 Nxe4 16. Qc2 h5 17. Be2 Rh6 18. Bd3 f5 19. a4 Rg6 20. Kh1 Ng5 21. Bxf5
exf5 22. Qxf5 Qe4 23. Qc8+ Bd8 24. f3 Qc2 25. Rg1 Qf2 26. Qf5 Rh6 27. e4 Qh4
28. exd5 b5 29. Bxg5 1-0